Römische Kaiser 27 v.Chr.-1806 - Statistiken

Allgemein
  • Dieses Quiz wurde 317 mal gespielt
  • Das Durchschnittsergebnis liegt bei 78 aus 205
Antwortstatistiken
Herrschaft Kaiser % Korrekt
27 v.Chr. - 14 Augustus
92%
54 - 68 Nero
92%
800-814 | 875-877 Karl
87%
881-888 Karl III.
87%
1355-1378 Karl IV.
87%
1520/30-1556 Karl V.
87%
1711-1740 Karl VI.
87%
1742-1745 Karl VII.
87%
69 Otho
86%
962-973 Otto I.
82%
973-983 Otto II.
82%
996-1002 Otto III.
82%
1209-1218 Otto IV.
82%
816-840 | 901-915 Ludwig
77%
855-875 Ludwig II.
77%
1328-1347 Ludwig IV.
77%
1745-1765 Franz I.
75%
1792-1806 Franz II.
75%
1155-1190 Friedrich I.
74%
1220-1250 Friedrich II.
74%
1452-1493 Friedrich III.
74%
1014-1024 Heinrich II.
74%
1046-1056 Heinrich III.
74%
1084-1105 Heinrich IV.
74%
1111-1125 Heinrich V.
74%
1191-1197 Heinrich VI.
74%
1312-1313 Heinrich VII.
74%
641-668 Konstans II.
74%
306 - 337 Konstantin I.
74%
337 - 340 Konstantin II.
74%
641 Konstantin III.
74%
668-685 Konstantin IV.
74%
1042-1055 Konstantin IX.
74%
741-775 Konstantin V.
74%
780-797 Konstantin VI.
74%
913-920 Konstantin VII.
74%
1025-1028 Konstantin VIII.
74%
1059-1067 Konstantin X.
74%
1448-1453 Konstantin XI.
74%
161 - 180 Marcus Aurelius
72%
457-474 Leo I.
70%
474 Leo II.
70%
717-741 Leo III.
70%
775-780 Leo IV.
70%
694-698 Leontios
70%
813-820 Leo V.
70%
886-912 Leo VI.
70%
14 - 37 Tiberius
69%
117 - 138 Hadrian
68%
578-582 Tiberios I.
67%
37 - 41 Caligula
65%
41 - 54 Claudius
65%
268 - 270 Claudius Gothicus
65%
98 - 117 Trajan
60%
249 - 251 Trajan Decius
60%
1558-1564 Ferdinand I.
59%
1619-1637 Ferdinand II.
59%
1637-1657 Ferdinand III.
59%
1705-1711 Joseph I.
56%
1765-1790 Joseph II.
56%
1508-1519 Maximilian I.
55%
1564-1576 Maximilian II.
55%
69 - 79 Vespasian
55%
474 - 475 Julius Nepos
53%
79 - 81 Titus
53%
138 - 161 Antoninus Pius
52%
1658-1705 Leopold I.
50%
1790-1792 Leopold II.
50%
475 - 476 Romulus Augustulus
48%
222 - 235 Severus Alexander
46%
840-855 Lothar I.
43%
1133-1137 Lothar III.
43%
177 - 192 Commodus
42%
284 - 305 Diokletian
42%
518-527 Justin I.
41%
565-578 Justin II.
41%
1576-1612 Rudolf II.
41%
68 - 69 Galba
40%
360 - 363 Julian
40%
1027-1039 Konrad II.
38%
912-913 Alexander
37%
1081-1118 Alexios I.
37%
1180-1183 Alexios II.
37%
1195-1203 Alexios III.
37%
1203-1204 Alexios IV.
37%
1204 Alexios V.
37%
81 - 96 Domitian
37%
527-565 Justinian I.
36%
685-695 Justinian II.
36%
193 - 211 Septimius Severus
36%
198 - 217 Caracalla
35%
423 - 425 Johannes
35%
969-976 Johannes I.
35%
1118-1143 Johannes II.
35%
1221-1254 Johannes III.
35%
1258-1261 Johannes IV.
35%
1341-1347 Johannes V.
35%
1347-1354 Johannes VI.
35%
1425-1448 Johannes VIII.
35%
161- 169 Lucius Verus
35%
96 - 98 Nerva
35%
379 - 395 Theodosius I.
35%
402 - 450 Theodosius II.
35%
715-717 Theodosius III.
34%
306 - 307 Severus II.
32%
461 - 465 Libius Severus
31%
1612-1619 Matthias
30%
69 Vitellius
30%
811-813 Michael I.
28%
820-829 Michael II.
28%
842-867 Michael III.
28%
1034-1041 Michael IV.
28%
1041-1042 Michael V.
28%
1056-1057 Michael VI.
28%
1067-1068 Michael VII.
28%
1261-1282 Michael VIII.
28%
1433-1437 Sigismund
26%
455 Petronius Maximus
25%
253 - 260 Valerian
25%
1055-1056 Theodora III.
23%
1205-1221 Theodor I.
23%
1254-1258 Theodor II.
23%
364 - 378 Valens
23%
218 - 222 Elagabal
22%
270 - 275 Aurelian
21%
275 - 276 Tacitus
21%
193 Didius Julianus
20%
244 - 249 Philippus der Araber
20%
898 Arnolf
19%
305 - 306 Constantius I. Chlorus
19%
209 - 211 Geta
19%
235 - 238 Maximinus I.
19%
311 - 313 Maximinus II.
19%
193 Pertinax
19%
337 - 361 Constantius II.
18%
421 Constantius III.
18%
238 Gordian I.
18%
238 Gordian II.
18%
238 - 244 Gordian III.
18%
306 - 312 Maxentius
18%
393 - 423 Honorius
16%
364 - 375 Valentinian I.
16%
375 - 392 Valentinian II.
16%
424 - 455 Valentinian III.
16%
282 - 283 Carus
14%
286 - 305 Maximian
14%
337 - 350 Constans I.
13%
253 - 268 Gallienus
13%
217 - 218 Macrinus
13%
270 Quintillus
13%
867-886 Basileios I.
11%
976-1025 Basileios II.
11%
915-924 Berengar
11%
276 Florianus
11%
305 - 311 Galerius
11%
1143-1180 Manuel I.
11%
1391-1425 Manuel II.
11%
602-610 Phokas
11%
276 - 282 Probus
11%
474-491 Zenon
11%
253 Aemilianus
10%
283 - 285 Carinus
10%
457 - 461 Majorian
10%
238 Pupienus
10%
251 - 253 Trebonianus Gallus
10%
491-518 Anastasios I.
9%
713-715 Anastasios II.
9%
383 - 408 Arcadius
9%
238 Balbinus
9%
610-641 Herakleios
9%
641 Heraklonas
9%
251 Hostilian
9%
363 - 364 Jovian
9%
308 - 324 Licinius I.
9%
450 - 457 Markian
9%
283 - 284 Numerian
9%
455 - 456 Avitus
8%
797-802 Irene
8%
920-944 Romanos I.
8%
959-963 Romanos II.
8%
1028-1034 Romanos III.
8%
1068-1071 Romanos IV.
8%
473 - 474 Glycerius
7%
367 - 383 Gratian
7%
1057-1059 Isaak I.
7%
1185-1195 Isaak II.
7%
1042 Zoe
7%
1183-1185 Andronikos I.
6%
1282-1328 Andronikos II.
6%
1328-1341 Andronikos III.
6%
467 - 472 Anthemius
6%
891-894 Guido
6%
582-602 Maurikios
6%
802-811 Nikephoros I.
6%
963-969 Nikephoros II.
6%
1078-1081 Nikephoros III.
6%
472 - 472 Olybrius
6%
350 Vetranio
6%
711-713 Philippikos
5%
894-898 Lambert
4%
698-705 Tiberios II.
4%
811 Staurakios
3%
829-842 Theophilos
3%
Keine übereinstimmenden Quizze gefunden
Verteilung der Resultate
Anzahl Personen mit jedem Resultat
Perzentil nach korrekt beantworteten Fragen
Ihre Resultats-Entwicklung
Sie haben dieses Quiz noch nicht gespielt